[Event "PK LeisB 2024 groep A"]
[Site "Leiden, Netherlands"]
[Date "2024.06.03"]
[Round "2"]
[White "Van der Marel, Lambertus"]
[Black "Pijpers, Arthur"]
[Result "0-1"]
[WhiteElo "2025"]
[BlackElo "2456"]
[PlyCount "60"]
[EventDate "2024.??.??"]

1. Nf3 c5 2. c4 g6 3. Nc3 Bg7 4. d4 cxd4 5. Nxd4 Nc6 6. Nc2 d6 7. e4 Bxc3+ 8.
bxc3 Nf6 9. f3 Qa5 10. Bd2 Ne5 11. Qb1 O-O 12. Qb4 Nc6 13. Qxa5 Nxa5 14. Bg5
Be6 15. Ne3 Rfc8 16. Nd5 Bxd5 17. cxd5 b6 18. Ba6 Rxc3 19. O-O Kf8 20. Rac1 Rc5
21. Rxc5 dxc5 22. d6 Ng8 23. d7 Rd8 24. Bc8 Nc6 25. f4 h6 26. Bh4 Nf6 27. Rd1
Nd4 28. Bxf6 exf6 29. Kf2 Ke7 30. Ke3 Nc6 0-1

[Event "PK LeisB 2024 groep A"]
[Site "Leiden, Netherlands"]
[Date "2024.06.03"]
[Round "2"]
[White "Passenier, Peter"]
[Black "Van der Scheer, Henk"]
[Result "1-0"]
[WhiteElo "2166"]
[BlackElo "1980"]
[PlyCount "56"]
[EventDate "2024.??.??"]

1. e4 c6 2. d4 d5 3. e5 c5 4. c3 e6 5. Nf3 Nd7 6. Bd3 Ne7 7. Ng5 Nf5 8. Bxf5
exf5 9. e6 Qe7 10. O-O fxe6 11. Nxe6 Nf6 12. Nxc5 Kf7 13. Bf4 Qd8 14. Nd3 Bd6
15. Bxd6 Qxd6 16. Ne5+ Kg8 17. c4 b6 18. Nc3 Bd7 19. Nxd5 Nxd5 20. cxd5 h5 21.
Rc1 h4 22. h3 Rh6 23. Qf3 Rd8 24. Rfe1 Be8 25. Nc6 Bh5 26. Qxf5 Rf8 27. Qe5 Bf7
28. Ne7+ Kh8 1-0

[Event "PK LeisB 2024 groep A"]
[Site "Leiden, Netherlands"]
[Date "2024.06.03"]
[Round "2"]
[White "Feiner, Reinier"]
[Black "Margaryan, Artur"]
[Result "0-1"]
[WhiteElo "1934"]
[BlackElo "2082"]
[PlyCount "150"]
[EventDate "2024.??.??"]

1. e4 c5 2. Nf3 e6 3. c3 Nf6 4. e5 Nd5 5. g3 d6 6. Bg2 Nc6 7. exd6 Bxd6 8. O-O
O-O 9. Na3 b6 10. Re1 Bb7 11. Nc4 Bc7 12. d4 cxd4 13. Nxd4 Nxd4 14. Qxd4 b5 15.
Ne3 Bb6 16. Qe5 Nxe3 17. Bxe3 Bxg2 18. Kxg2 Bxe3 19. Rxe3 a6 20. Re4 Qd2 21.
Re2 Qd3 22. Re3 Qc4 23. Re4 Qc6 24. f3 Rad8 25. Rd4 f6 26. Qe4 Qxe4 27. fxe4
Rxd4 28. cxd4 Rc8 29. b3 Rc2+ 30. Kf3 Rxh2 31. d5 Kf7 32. Rc1 exd5 33. exd5
Rxa2 34. Rc7+ Kg6 35. Ke4 Re2+ 36. Kd4 a5 37. Rb7 Rd2+ 38. Kc5 a4 39. Rxb5 a3
40. Ra5 a2 41. Kd6 Rb2 42. Ke7 Rxb3 43. Rxa2 Rxg3 44. Rd2 Re3+ 45. Kf8 Ra3 46.
d6 Ra8+ 47. Ke7 f5 48. d7 f4 49. Rf2 Kf5 50. Rc2 g5 51. Rc8 Ra7 52. Rh8 g4 53.
Rxh7 g3 54. Kd6 Rxd7+ 55. Rxd7 g2 56. Kd5 g1=Q 57. Rf7+ Kg6 58. Rxf4 Kg5 59.
Re4 Qg2 60. Ke5 Qf3 61. Kd4 Kf5 62. Re3 Qf2 63. Kd3 Qb2 64. Kc4 Kf4 65. Rc3 Ke4
66. Rh3 Qe2+ 67. Kb4 Qe1+ 68. Kc5 Qg1+ 69. Kd6 Qg6+ 70. Kc7 Qf7+ 71. Kd6 Qd5+
72. Kc7 Qe5+ 73. Kb7 Qe7+ 74. Ka8 Qd8+ 75. Ka7 Qd7+ 0-1

[Event "PK LeisB 2024 groep A"]
[Site "Leiden, Netherlands"]
[Date "2024.06.03"]
[Round "2"]
[White "Van 't Hof, Eric"]
[Black "Teianu, Sabin"]
[Result "0-1"]
[WhiteElo "2038"]
[BlackElo "1961"]
[PlyCount "56"]
[EventDate "2024.??.??"]

1. d4 e6 2. c4 b6 3. Nc3 Bb7 4. Nf3 Bb4 5. Qb3 Bxc3+ 6. Qxc3 f5 7. e3 Nf6 8.
Be2 O-O 9. b3 Ne4 10. Qc2 d6 11. Bb2 a5 12. O-O Nc6 13. a3 Ng5 14. Nxg5 Qxg5
15. f4 Nxd4 16. fxg5 Nxc2 17. Rac1 Nxe3 18. Rf2 f4 19. Rc3 e5 20. g4 f3 21.
Rxe3 fxe2 22. Rxf8+ Rxf8 23. Rxe2 Bf3 24. Rf2 Bxg4 25. Rxf8+ Kxf8 26. b4 axb4
27. axb4 c5 28. bxc5 bxc5 0-1

[Event "PK LeisB 2024 groep A"]
[Site "Leiden, Netherlands"]
[Date "2024.06.03"]
[Round "2"]
[White "Van de Plassche, Erik"]
[Black "Schenkelaars, Robin"]
[Result "0-1"]
[WhiteElo "2068"]
[BlackElo "1934"]
[PlyCount "58"]
[EventDate "2024.??.??"]

1. d4 d5 2. c4 c6 3. Nf3 Nf6 4. Nc3 e6 5. Bg5 dxc4 6. e4 b5 7. e5 h6 8. Bh4 g5
9. Nxg5 hxg5 10. Bxg5 Nbd7 11. g3 Bb7 12. Bg2 Qb6 13. exf6 O-O-O 14. O-O c5 15.
Ne4 cxd4 16. a4 a6 17. b3 c3 18. axb5 axb5 19. Qe2 b4 20. Ra2 Nc5 21. Rfa1 d3
22. Qe3 d2 23. Rd1 Qc6 24. Nd6+ Qxd6 25. Bxb7+ Kxb7 26. Bf4 Qd3 27. Qe5 Bd6 28.
Qg5 Rdg8 29. Raxd2 cxd2 0-1

[Event "PK LeisB 2024 groep A"]
[Site "Leiden, Netherlands"]
[Date "2024.06.03"]
[Round "2"]
[White "Zeven, Frank"]
[Black "Vijver, Jonathan"]
[Result "1-0"]
[WhiteElo "1962"]
[BlackElo "1876"]
[PlyCount "71"]
[EventDate "2024.??.??"]

1. b4 c6 2. Bb2 a5 3. b5 cxb5 4. e4 b4 5. a3 Nc6 6. axb4 Nxb4 7. c3 Nc6 8. d4
d5 9. e5 Bf5 10. Na3 Qb6 11. Nb5 f6 12. Qb3 Qd8 13. Qxd5 Qxd5 14. Nc7+ Kf7 15.
Nxd5 fxe5 16. Nb6 Rd8 17. d5 Nb8 18. Nf3 Nf6 19. Nxe5+ Kg8 20. Rxa5 Nbd7 21.
Nbxd7 Nxd7 22. Nxd7 Rxd7 23. Bc4 Kf7 24. O-O g5 25. Bb5 Rc7 26. c4 Bg7 27. Bxg7
Kxg7 28. Rd1 Bc2 29. Rd4 Rhc8 30. Ra3 Rc5 31. f3 Rd8 32. Rd2 Bg6 33. Ra7 Rc7
34. Kf2 e6 35. d6 Rf7 36. d7 1-0

[Event "PK LeisB 2024 groep A"]
[Site "Leiden, Netherlands"]
[Date "2024.06.03"]
[Round "2"]
[White "Brienen, Jacob"]
[Black "Mohtaat, Homayoun"]
[Result "0-1"]
[WhiteElo "1958"]
[BlackElo "1916"]
[PlyCount "106"]
[EventDate "2024.??.??"]

1. e4 c5 2. Nf3 d6 3. d4 cxd4 4. Nxd4 Nf6 5. Nc3 Nc6 6. Bg5 e6 7. Qd2 Be7 8.
O-O-O Nxd4 9. Qxd4 O-O 10. f4 d5 11. exd5 Nxd5 12. Nxd5 Bxg5 13. fxg5 exd5 14.
Qxd5 Qb6 15. Qb3 Qa5 16. Bc4 Qxg5+ 17. Kb1 Bf5 18. h4 Qg4 19. Bd5 Rac8 20. Rd2
Rc7 21. Ka1 b6 22. c3 Re7 23. Rd4 Qg3 24. Rhd1 h6 25. a3 Kh7 26. Bf3 Qf2 27.
R4d2 Qxh4 28. Qd5 Qf6 29. Qc4 Rc8 30. Qf4 Qg6 31. g4 Bc2 32. Rc1 Bb3 33. Bd5
Bxd5 34. Rxd5 Rce8 35. Rd2 Re4 36. Qf2 R8e7 37. Rg1 Rxg4 38. Rgd1 Rge4 39. Rd8
Re2 40. Qf4 Qc2 41. R1d2 Rxd2 42. Rxd2 Re1+ 43. Ka2 Qb1+ 44. Kb3 Rf1 45. Qd4
Qf5 46. Rg2 g6 47. Rd2 Re1 48. Rd3 Qe6+ 49. c4 b5 50. Ka2 bxc4 51. Rc3 Qe4 52.
Rxc4 Qxd4 53. Rxd4 Rf1 0-1

[Event "PK LeisB 2024 groep A"]
[Site "Leiden, Netherlands"]
[Date "2024.06.03"]
[Round "2"]
[White "Van de Poel, Jona"]
[Black "Timmermans, Raymond"]
[Result "1/2-1/2"]
[WhiteElo "1941"]
[BlackElo "1989"]
[PlyCount "158"]
[EventDate "2024.??.??"]

1. e4 e6 2. Nc3 d5 3. Nf3 dxe4 4. Nxe4 Nd7 5. d4 Ngf6 6. Nxf6+ Nxf6 7. Bd3 c5
8. O-O cxd4 9. Nxd4 Bc5 10. Nb3 Bd6 11. Bg5 Qc7 12. Bxf6 gxf6 13. Bb5+ Ke7 14.
h3 a6 15. Be2 b6 16. Bf3 Bb7 17. Nd4 Rhg8 18. Re1 Be5 19. Re3 Rad8 20. c3 Bxf3
21. Qxf3 Bxd4 22. cxd4 Rxd4 23. Rc3 Qd7 24. Rac1 Qd5 25. Rc7+ Kf8 26. Rc8+ Kg7
27. Rxg8+ Kxg8 28. Qxf6 Rd1+ 29. Rxd1 Qxd1+ 30. Kh2 Qd6+ 31. g3 Qd2 32. a3 a5
33. Kg2 a4 34. Qe5 Qd8 35. Kf3 Qd1+ 36. Kg2 Qd8 37. Kh2 Qa8 38. Qb5 Qa7 39. h4
Kg7 40. Qe5+ Kg8 41. h5 h6 42. Qb5 Kg7 43. Qe5+ Kg8 44. Qd4 Qa5 45. Qd8+ Kg7
46. Qd4+ Kg8 47. g4 Qb5 48. Kg3 Qb3+ 49. f3 Qb5 50. Qf6 Qc5 51. Qc3 Qxc3 52.
bxc3 f6 53. Kf4 Kf7 54. c4 Ke7 55. Ke4 Kd7 56. f4 Ke7 57. Kd4 Kf7 58. c5 bxc5+
59. Kxc5 e5 60. Kd5 exf4 61. Ke4 Ke6 62. Kxf4 Ke7 63. Ke3 Kd6 64. Kd4 Ke6 65.
Ke4 Ke7 66. Kd5 Kd7 67. Kc5 Ke6 68. Kb4 Ke5 69. Kxa4 Kf4 70. Kb4 Kxg4 71. a4 f5
72. a5 f4 73. a6 f3 74. a7 f2 75. a8=Q f1=Q 76. Qd5 Qb1+ 77. Kc5 Qc2+ 78. Kd6
Qf5 79. Qxf5+ Kxf5 1/2-1/2

[Event "PK LeisB 2024 groep A"]
[Site "Leiden, Netherlands"]
[Date "2024.06.03"]
[Round "2"]
[White "Van Briemen, Willem"]
[Black "Hensbergen, Willem"]
[Result "1/2-1/2"]
[WhiteElo "1982"]
[BlackElo "1946"]
[PlyCount "67"]
[EventDate "2024.??.??"]

1. d4 Nf6 2. c4 g6 3. Nc3 d5 4. cxd5 Nxd5 5. e4 Nxc3 6. bxc3 Bg7 7. Be3 c5 8.
Nf3 Qa5 9. Qd2 O-O 10. Rc1 Nd7 11. Bd3 e5 12. dxe5 Nxe5 13. Nxe5 Bxe5 14. f4
Bg7 15. O-O Rd8 16. Qc2 Bd7 17. f5 Ba4 18. Qe2 Bxc3 19. Bc4 Be8 20. Qf2 Rd7 21.
Qg3 Bd2 22. Bxd2 Qxd2 23. fxg6 Qd4+ 24. Kh1 hxg6 25. Qxg6+ Qg7 26. Qf5 Rd2 27.
g3 Rad8 28. Rf4 Rd1+ 29. Rxd1 Rxd1+ 30. Kg2 Rd2+ 31. Kf3 Qc3+ 32. Kg4 Qg7+ 33.
Kf3 Qc3+ 34. Kg4 1/2-1/2

[Event "PK LeisB 2024 groep A"]
[Site "Leiden, Netherlands"]
[Date "2024.06.03"]
[Round "2"]
[White "De Bruin, Bert"]
[Black "Veldhuyzen, Ywein"]
[Result "1-0"]
[WhiteElo "1955"]
[BlackElo "1941"]
[PlyCount "87"]
[EventDate "2024.??.??"]

1. d4 Nf6 2. c4 e6 3. Nc3 Bb4 4. a3 Bxc3+ 5. bxc3 d5 6. Bg5 Nbd7 7. cxd5 exd5
8. e3 c6 9. Bd3 O-O 10. Ne2 Qe8 11. c4 dxc4 12. Bxc4 Ne4 13. Bf4 Nb6 14. Bd3
Qe6 15. Qc2 f5 16. O-O Qg6 17. a4 Nd5 18. Be5 Nb4 19. Qb3+ Nd5 20. Rad1 Kh8 21.
Nf4 Nxf4 22. Bxf4 Ng5 23. Kh1 Qh5 24. Qb4 Be6 25. Qe7 Rf6 26. Qxb7 Raf8 27. f3
Bd5 28. Be2 Rg6 29. Rd2 Nh3 30. gxh3 Qxh3 31. Rf2 Qg4 32. Qb1 h6 33. Qf1 Qh5
34. Bc4 Rf7 35. Bxd5 cxd5 36. Qb5 Kg8 37. Qxd5 Rb6 38. Rb2 Rxb2 39. Rxb2 Kh7
40. Bg3 Rd7 41. Qc6 Re7 42. Bf4 Re6 43. Qxe6 Qxf3+ 44. Kg1 1-0

[Event "PK LeisB 2024 groep A"]
[Site "Leiden, Netherlands"]
[Date "2024.06.03"]
[Round "2"]
[White "Van der Bent, Gideon"]
[Black "Hilarius, Sander"]
[Result "1-0"]
[WhiteElo "1949"]
[BlackElo "1949"]
[PlyCount "111"]
[EventDate "2024.??.??"]

1. d4 Nf6 2. Nf3 c6 3. Bf4 Qb6 4. Nbd2 d6 5. e4 Nbd7 6. Bd3 g6 7. O-O Bg7 8.
Nc4 Qd8 9. e5 dxe5 10. dxe5 Nd5 11. Bg5 O-O 12. Re1 Nc5 13. h3 Nxd3 14. cxd3 h6
15. Bh4 c5 16. Qb3 b6 17. Rad1 Qc7 18. Ne3 Nxe3 19. Rxe3 Be6 20. Qa3 Rfd8 21.
b4 g5 22. Bg3 cxb4 23. Qxb4 a5 24. Qb2 Rac8 25. Nd4 Bd5 26. Nf5 e6 27. Nxg7
Kxg7 28. Ree1 Qb7 29. f4 Rc7 30. fxg5 hxg5 31. Qd2 Rdc8 32. Qxg5+ Kf8 33. Qh6+
Ke8 34. Rf1 Bxg2 35. Qh8+ Kd7 36. Rxf7+ Kc6 37. Rxc7+ Rxc7 38. Rc1+ Kb5 39.
Rxc7 Qxc7 40. Kxg2 Qc6+ 41. Kf2 Qc2+ 42. Ke3 Qc5+ 43. Kf3 Qd5+ 44. Kg4 Qd4+ 45.
Bf4 Qg1+ 46. Kh4 Qf2+ 47. Kg5 Qg2+ 48. Kf6 Qf3 49. Qe8+ Ka6 50. Qc8+ Ka7 51.
Qc7+ Ka8 52. Qc4 Qxh3 53. Qa6+ Kb8 54. Qxb6+ Ka8 55. Be3 Qf5+ 56. Ke7 1-0

[Event "PK LeisB 2024 groep B"]
[Site "Leiden, Netherlands"]
[Date "2024.06.03"]
[Round "2"]
[White "Van Efferen, Yannick"]
[Black "Van den Berg, Dick"]
[Result "1-0"]
[WhiteElo "1915"]
[BlackElo "1805"]
[PlyCount "55"]
[EventDate "2024.??.??"]

1. e4 e6 2. Nc3 d5 3. f4 dxe4 4. Nxe4 Nd7 5. d3 Ngf6 6. Be3 b6 7. g3 Nxe4 8.
dxe4 Bb7 9. Bg2 f5 10. Qh5+ g6 11. Qh3 Bc5 12. Bxc5 Nxc5 13. exf5 Bxg2 14. Qxg2
exf5 15. Qc6+ Kf7 16. Nf3 Re8+ 17. Ne5+ Kg7 18. Rd1 Qe7 19. b4 Qe6 20. Qxe6
Nxe6 21. Rd7+ Kg8 22. Kf2 a5 23. b5 Nc5 24. Rxc7 Rac8 25. Rc6 Ne4+ 26. Kf3 Red8
27. c4 Rd3+ 28. Nxd3 1-0

[Event "PK LeisB 2024 groep B"]
[Site "Leiden, Netherlands"]
[Date "2024.06.03"]
[Round "2"]
[White "Rudman, Lev"]
[Black "Scherpenisse, Kees"]
[Result "1/2-1/2"]
[WhiteElo "1750"]
[BlackElo "1907"]
[PlyCount "40"]
[EventDate "2024.??.??"]

1. d4 f5 2. c4 Nf6 3. Nc3 e6 4. Bg5 Be7 5. e3 d6 6. Bd3 e5 7. Nge2 Be6 8. Bxf6
Bxf6 9. d5 Bd7 10. e4 g6 11. Qb3 Na6 12. Na4 b6 13. Ng3 f4 14. Nf1 O-O 15. Nd2
Qe8 16. Bc2 Nc5 17. Nxc5 bxc5 18. Qd3 Rb8 19. b3 g5 20. h3 Kg7 1/2-1/2

[Event "PK LeisB 2024 groep B"]
[Site "Leiden, Netherlands"]
[Date "2024.06.03"]
[Round "2"]
[White "Wagemans, Ed"]
[Black "Brienen, Simon"]
[Result "1-0"]
[WhiteElo "1861"]
[BlackElo "1724"]
[Annotator "van,Jan"]
[PlyCount "54"]
[EventDate "2024.??.??"]

1. e4 c5 2. Nf3 Nc6 3. Bb5 d6 4. d4 cxd4 5. Qxd4 e5 6. Qd3 Bd7 7. Nc3 Nf6 8.
Bg5 Be7 9. O-O-O Ng4 10. Bxe7 Qxe7 11. Rhf1 O-O 12. Qxd6 Qxd6 13. Rxd6 Nf6 14.
Nd5 Rfd8 15. Nxf6+ gxf6 16. Rfd1 Be6 17. Bxc6 Rxd6 18. Rxd6 bxc6 19. Rxc6 a5
20. a3 Kg7 21. b3 h5 22. Rd6 Rc8 23. Kb2 Rb8 24. Ne1 f5 25. exf5 Bxf5 26. Rd5
Ra8 27. Rxe5 Kg6 {rest notatie onduidelijk} 1-0

[Event "PK LeisB 2024 groep B"]
[Site "Leiden, Netherlands"]
[Date "2024.06.03"]
[Round "2"]
[White "Teianu, Maxim"]
[Black "Margaryan, Aren"]
[Result "1-0"]
[WhiteElo "1835"]
[BlackElo "1713"]
[PlyCount "61"]
[EventDate "2024.??.??"]

1. d4 Nf6 2. c4 e6 3. Nf3 d5 4. Nc3 c5 5. cxd5 Nxd5 6. e4 Nxc3 7. bxc3 Nc6 8.
d5 exd5 9. exd5 Qe7+ 10. Be2 Ne5 11. O-O Nxf3+ 12. Bxf3 Qd6 13. Qe2+ Be7 14.
Re1 Bf5 15. Bf4 Qd7 16. d6 Be6 17. dxe7 Qxe7 18. Bg4 O-O 19. Bxe6 fxe6 20. Bg3
Rae8 21. Rad1 Qf6 22. Be5 Qf5 23. Rd7 Rf7 24. Rxf7 Qxf7 25. Rd1 Rf8 26. f4 h6
27. Qd3 Qh5 28. Qf3 Qf7 29. Rd6 Qe7 30. Qg4 Re8 31. Rxe6 1-0

[Event "PK LeisB 2024 groep B"]
[Site "Leiden, Netherlands"]
[Date "2024.06.03"]
[Round "2"]
[White "Van Amsterdam, Jan"]
[Black "Lammers van Toorenburg, Ev"]
[Result "1-0"]
[WhiteElo "1808"]
[BlackElo "1216"]
[PlyCount "55"]
[EventDate "2024.??.??"]

1. e4 c5 2. d4 cxd4 3. c3 dxc3 4. Nxc3 e5 5. Bc4 Nf6 6. Nf3 Bb4 7. Bxf7+ Kxf7
8. Qb3+ d5 9. Qxb4 Nc6 10. Qb3 Ne7 11. Nxe5+ Kf8 12. exd5 Nfxd5 13. Nxd5 Qxd5
14. Qxd5 Nxd5 15. b3 a5 16. O-O Bf5 17. Ba3+ Kg8 18. Bb2 h6 19. Rfd1 Nb4 20. a3
Bc2 21. Rd2 Re8 22. axb4 Bxb3 23. bxa5 Kh7 24. Rd7 Rb8 25. Ng4 Kg6 26. Rxg7+
Kh5 27. Nf6+ Kh4 28. Rg4# 1-0

[Event "PK LeisB 2024 groep B"]
[Site "Leiden, Netherlands"]
[Date "2024.06.03"]
[Round "2"]
[White "Engelen, Niels"]
[Black "Sieber, Gunnar"]
[Result "0-1"]
[WhiteElo "1746"]
[BlackElo "1892"]
[PlyCount "52"]
[EventDate "2024.??.??"]

1. c4 c5 2. Nf3 Nf6 3. g3 d6 4. Bg2 e5 5. Nc3 Nc6 6. d3 g6 7. O-O Bg7 8. Bg5 h6
9. Be3 O-O 10. Qc1 Kh7 11. a3 a6 12. h3 Rb8 13. Rb1 Be6 14. b4 cxb4 15. axb4
Qd7 16. Kh2 b5 17. Nd2 bxc4 18. dxc4 Nxb4 19. Nce4 Nxe4 20. Nxe4 f5 21. Bd2 Nc6
22. Nc3 Bxc4 23. Bd5 Bxd5 24. Nxd5 Nd4 25. Rxb8 Rxb8 26. Qc4 Qb5 0-1

[Event "PK LeisB 2024 groep B"]
[Site "Leiden, Netherlands"]
[Date "2024.06.03"]
[Round "2"]
[White "Cools, Frank"]
[Black "Molenkamp, Jan Bertus"]
[Result "0-1"]
[WhiteElo "1723"]
[BlackElo "1860"]
[PlyCount "52"]
[EventDate "2024.??.??"]

1. d4 Nf6 2. c4 e6 3. Bg5 Bb4+ 4. Nd2 h6 5. Bxf6 Qxf6 6. e3 b6 7. Ngf3 Bb7 8.
Be2 O-O 9. O-O d5 10. cxd5 exd5 11. a3 Bd6 12. h3 Nd7 13. Rc1 a6 14. b4 a5 15.
Qa4 Qe7 16. Qc2 Nf6 17. Ne5 Rfc8 18. bxa5 Rxa5 19. a4 Bxe5 20. dxe5 Qxe5 21.
Nf3 Qe8 22. Bb5 c6 23. Bd3 c5 24. Bb5 Bc6 25. Rb1 Bxb5 26. Rxb5 Rxb5 0-1

[Event "PK LeisB 2024 groep B"]
[Site "Leiden, Netherlands"]
[Date "2024.06.03"]
[Round "2"]
[White "Van Dijk, Bob"]
[Black "Van Gunsteren, Lex"]
[Result "1-0"]
[WhiteElo "1798"]
[BlackElo "1631"]
[PlyCount "91"]
[EventDate "2024.??.??"]

1. d4 d5 2. c4 c5 3. cxd5 cxd4 4. Qxd4 Nf6 5. e4 e6 6. Nc3 Nc6 7. Bb5 exd5 8.
exd5 a6 9. Qe5+ Be7 10. Bxc6+ bxc6 11. dxc6 O-O 12. Nge2 Ng4 13. Qd5 Qc7 14.
Bf4 Qb6 15. O-O Be6 16. Qf3 Qxb2 17. h3 Nf6 18. Rab1 Qc2 19. Rfc1 Qg6 20. c7
Bf5 21. Rb8 Ne4 22. Nxe4 Bxe4 23. Qg4 Bf5 24. Qxg6 fxg6 25. Bg3 Kf7 26. Nd4 Bd7
27. Nc6 Bf6 28. Nb4 a5 29. Nd5 Bd4 30. Nb6 Bxb6 31. Rxb6 Rfc8 32. Rcb1 Bf5 33.
R1b2 Ke7 34. Rb8 Kd7 35. Rxa8 Rxa8 36. Rb8 Be4 37. c8=Q+ Ke7 38. Rxa8 Bxa8 39.
Qxa8 Kf6 40. Qxa5 h5 41. Qd5 g5 42. a4 h4 43. Be5+ Kg6 44. a5 Kh5 45. Qf7+ g6
46. Qh7# 1-0

[Event "PK LeisB 2024 groep B"]
[Site "Leiden, Netherlands"]
[Date "2024.06.03"]
[Round "2"]
[White "Bregman, Koen"]
[Black "Scheele, Peter"]
[Result "1-0"]
[WhiteElo "1796"]
[BlackElo "1561"]
[PlyCount "137"]
[EventDate "2024.??.??"]

1. e4 c5 2. Nf3 d6 3. d4 cxd4 4. Nxd4 Nf6 5. Nc3 g6 6. Be3 Bg7 7. Be2 O-O 8.
O-O Nc6 9. Qd2 Ng4 10. Bxg4 Bxg4 11. f3 Be6 12. Nxe6 fxe6 13. Rad1 Ne5 14. Qe2
Qc7 15. Nb1 Qc4 16. Qxc4 Nxc4 17. Bd4 Nxb2 18. Bxg7 Nxd1 19. Bxf8 Ne3 20. Re1
Nxc2 21. Rc1 Nd4 22. Rc4 Nxf3+ 23. gxf3 Kxf8 24. Nd2 b5 25. Rc7 b4 26. Nb3 Kf7
27. Nd4 Kf6 28. Nc6 a5 29. Nxe7 a4 30. Nc6 b3 31. axb3 axb3 32. Rb7 Ra1+ 33.
Kg2 Rb1 34. Nd4 b2 35. Ne2 h5 36. Nf4 h4 37. Nd3 Rd1 38. Nxb2 Rd2+ 39. Kh3 Rf2
40. Rb3 g5 41. Nc4 Ke7 42. Rb7+ Kf6 43. Nxd6 Ke5 44. Nf7+ Kf4 45. Nxg5 Kxg5 46.
Rf7 Kg6 47. Rf4 Kg5 48. Rg4+ Kf6 49. f4 Re2 50. Kxh4 Rxh2+ 51. Kg3 Ra2 52. e5+
Kf5 53. Rg5+ Ke4 54. Rg6 Kf5 55. Rf6+ Ke4 56. Rxe6 Ra5 57. Rf6 Kd5 58. Kg4 Ra8
59. Kf5 Rh8 60. Rd6+ Kc5 61. Rd1 Rf8+ 62. Ke4 Kc6 63. e6 Kc7 64. f5 Rh8 65. Ke5
Rh2 66. Rd4 Re2+ 67. Kf6 Rh2 68. e7 Rh6+ 69. Kg7 1-0

[Event "PK LeisB 2024 groep B"]
[Site "Leiden, Netherlands"]
[Date "2024.06.03"]
[Round "2"]
[White "Been, Klaas"]
[Black "Vergeer, Michiel"]
[Result "0-1"]
[WhiteElo "1691"]
[BlackElo "1779"]
[PlyCount "108"]
[EventDate "2024.??.??"]

1. d4 Nf6 2. Nf3 d5 3. e3 e6 4. Bd3 c5 5. c3 Nbd7 6. Nbd2 Be7 7. O-O b6 8. Re1
Bb7 9. Qe2 O-O 10. e4 dxe4 11. Nxe4 Nxe4 12. Bxe4 Bxe4 13. Qxe4 Nf6 14. Qe2 Re8
15. Bg5 Rc8 16. Rad1 Nd5 17. Bc1 Qc7 18. Ng5 Nf4 19. Bxf4 Qxf4 20. Nf3 Qc7 21.
h3 cxd4 22. Rxd4 Bf6 23. Re4 Red8 24. Nd2 Qd7 25. Nf3 Qd3 26. Ne5 Qxe2 27.
R1xe2 Rd5 28. Ng4 Be7 29. Ne3 Rdd8 30. g3 g6 31. Ng4 Kg7 32. Kg2 Bc5 33. Ne3
Rd3 34. Nc4 Rdd8 35. Rf4 Rc7 36. Rfe4 Rd5 37. b4 Be7 38. Ne3 Rd3 39. c4 Bxb4
40. Nc2 Bc5 41. Ne1 Rd4 42. Nc2 Rxe4 43. Rxe4 Rd7 44. Re2 Kf6 45. Kf3 Rd3+ 46.
Ke4 Rc3 47. Ne3 Bxe3 48. fxe3 Rxc4+ 49. Kd3 Ra4 50. Rc2 h5 51. Rb2 Ke5 52. Rb5+
Kd6 53. Rb2 f5 54. Ke2 h4 0-1

[Event "PK LeisB 2024 groep B"]
[Site "Leiden, Netherlands"]
[Date "2024.06.03"]
[Round "2"]
[White "Muilwijk, Marco"]
[Black "Berends, Thomas"]
[Result "1-0"]
[WhiteElo "1878"]
[BlackElo "1690"]
[PlyCount "91"]
[EventDate "2024.??.??"]

1. b3 d5 2. Bb2 c5 3. e3 Nf6 4. Nf3 Nc6 5. Bb5 Bd7 6. O-O a6 7. Bxc6 Bxc6 8.
Ne5 e6 9. d3 Bd6 10. Nd2 Qc7 11. f4 O-O-O 12. Ndf3 h6 13. c4 Ne8 14. Rc1 dxc4
15. bxc4 f6 16. Nxc6 Qxc6 17. d4 Nc7 18. Qb3 Rhe8 19. Rb1 Bf8 20. Ba3 b5 21.
cxb5 axb5 22. Bxc5 Bxc5 23. dxc5 Qxc5 24. Rfe1 Qd5 25. Nd4 Qxb3 26. Rxb3 Kb7
27. Nxb5 Nxb5 28. Rxb5+ Ka6 29. Rb3 Rc8 30. Reb1 Rc5 31. Rb6+ Ka5 32. Rb7 Ka4
33. Rxg7 e5 34. Rg6 exf4 35. exf4 Ka3 36. Rxf6 Kxa2 37. Rb7 Rc3 38. Ra6+ Ra3
39. Rxa3+ Kxa3 40. Kf2 Rc8 41. Kg3 Rc3+ 42. Kg4 Rc2 43. Kh3 h5 44. g3 Rc5 45.
Kh4 Rf5 46. Rh7 1-0

[Event "PK LeisB 2024 groep B"]
[Site "Leiden, Netherlands"]
[Date "2024.06.03"]
[Round "2"]
[White "Pasteels, Luc"]
[Black "Vlieland, Theo"]
[Result "1/2-1/2"]
[WhiteElo "1651"]
[BlackElo "1734"]
[PlyCount "59"]
[EventDate "2024.??.??"]

1. e4 e5 2. Nf3 Nc6 3. Bb5 a6 4. Ba4 Nf6 5. O-O b5 6. Bb3 Be7 7. Re1 O-O 8. c3
d6 9. d4 Bg4 10. d5 Nb8 11. Nbd2 Nbd7 12. Nf1 Nc5 13. h3 Bh5 14. Bc2 Bg6 15.
Ng3 h6 16. Nh4 Bxe4 17. Nxe4 Ncxe4 18. Nf5 Nc5 19. Qf3 Re8 20. Qg3 Nh5 21.
Nxh6+ Kf8 22. Qg4 Nf4 23. Bxf4 exf4 24. Nxf7 Kxf7 25. Qg6+ Kf8 26. Qh7 Bf6 27.
Qh8+ Kf7 28. Qh5+ Kf8 29. Qh8+ Kf7 30. Qh5+ 1/2-1/2

[Event "PK LeisB 2024 groep B"]
[Site "Leiden, Netherlands"]
[Date "2024.06.03"]
[Round "2"]
[White "Moeri, Erick"]
[Black "Laudy, Paul"]
[Result "1-0"]
[WhiteElo "1719"]
[BlackElo "1645"]
[PlyCount "41"]
[EventDate "2024.??.??"]

1. e4 d5 2. exd5 Nf6 3. c4 e6 4. dxe6 Bxe6 5. Nc3 Nc6 6. Nf3 Bc5 7. Be2 Qe7 8.
d4 O-O-O 9. d5 Bg4 10. O-O Rhe8 11. a3 Ne4 12. Nxe4 Qxe4 13. Re1 Bxf3 14. gxf3
Qh4 15. Rf1 Bd6 16. f4 g5 17. dxc6 Rxe2 18. Qxe2 gxf4 19. cxb7+ Kb8 20. Qf3
Rg8+ 21. Kh1 1-0

[Event "PK LeisB 2024 groep B"]
[Site "Leiden, Netherlands"]
[Date "2024.06.03"]
[Round "2"]
[White "Moeri, Casper"]
[Black "Branco, Moritz"]
[Result "0-1"]
[WhiteElo "1633"]
[BlackElo "1701"]
[Annotator "van,Jan"]
[PlyCount "55"]
[EventDate "2024.??.??"]

1. e4 e5 2. Nf3 Nc6 3. d4 exd4 4. Nxd4 Nf6 5. Nc3 Bb4 6. Nxc6 bxc6 7. Bg5 h6 8.
Bh4 g5 9. Bg3 Nxe4 10. Qd4 Bxc3+ 11. bxc3 O-O 12. Bxc7 Qxc7 13. Qxe4 Ba6 14.
O-O-O Rfe8 15. Qf5 Bc8 16. Bd3 Qf4+ 17. Rd2 Qxf5 18. Bxf5 d5 19. Bxc8 Raxc8 20.
a3 Rb8 21. Rd4 Re7 22. Ra4 Reb7 23. Ra6 Rc7 24. Rg1 Kg7 25. Ra4 c5 26. g4 f5
27. h4 d4 28. Kd1 {rest niet te ontcijferen} 0-1